<?xml version="1.0" encoding="UTF-8"?><?xml-stylesheet type="text/xsl" href="static/style.xsl"?><OAI-PMH xmlns="http://www.openarchives.org/OAI/2.0/" xmlns:xsi="http://www.w3.org/2001/XMLSchema-instance" xsi:schemaLocation="http://www.openarchives.org/OAI/2.0/ http://www.openarchives.org/OAI/2.0/OAI-PMH.xsd"><responseDate>2026-04-28T20:59:40Z</responseDate><request verb="GetRecord" identifier="oai:uvadoc.uva.es:10324/57774" metadataPrefix="marc">https://uvadoc.uva.es/oai/request</request><GetRecord><record><header><identifier>oai:uvadoc.uva.es:10324/57774</identifier><datestamp>2022-12-14T20:03:45Z</datestamp><setSpec>com_10324_38</setSpec><setSpec>col_10324_852</setSpec></header><metadata><record xmlns="http://www.loc.gov/MARC21/slim" xmlns:doc="http://www.lyncode.com/xoai" xmlns:xsi="http://www.w3.org/2001/XMLSchema-instance" xmlns:dcterms="http://purl.org/dc/terms/" xsi:schemaLocation="http://www.loc.gov/MARC21/slim http://www.loc.gov/standards/marcxml/schema/MARC21slim.xsd">
<leader>00925njm 22002777a 4500</leader>
<datafield tag="042" ind1=" " ind2=" ">
<subfield code="a">dc</subfield>
</datafield>
<datafield tag="720" ind1=" " ind2=" ">
<subfield code="a">Aguerri Castillejo, Carlos</subfield>
<subfield code="e">author</subfield>
</datafield>
<datafield tag="260" ind1=" " ind2=" ">
<subfield code="c">2022</subfield>
</datafield>
<datafield tag="520" ind1=" " ind2=" ">
<subfield code="a">El uso de libros de texto en las aulas de Educación Primaria es esencial; son muchos los docentes que lo utilizan de guía en el proceso de enseñanza-aprendizaje y los alumnos se apoyan en ellos para interiorizar los contenidos establecidos en el currículo. En este trabajo se hace un análisis de 6 libros de texto de Matemáticas, en el bloque de Medida, correspondientes a 3º de Primaria. Para ello, se utiliza el modelo reducido de análisis y valoración de textos escolares de Matemáticas, de Monterrubio y se hace con tres editoriales distintas (Anaya, Santillana y S.M.)  y dos periodos legislativos distintos, los correspondientes a la vigencia de Ley Orgánica de Educación (LOE) y Ley Orgánica para la Mejora de la Calidad Educativa (LOMCE). Dos de los tres libros que se analizan bajo la LOMCE tienen dos enfoques muy marcados (método ABN y método Singapur).</subfield>
</datafield>
<datafield tag="024" ind2=" " ind1="8">
<subfield code="a">https://uvadoc.uva.es/handle/10324/57774</subfield>
</datafield>
<datafield tag="245" ind1="0" ind2="0">
<subfield code="a">Análisis comparativo de libros de texto de Matemáticas de 3º de Primaria en el bloque de medida</subfield>
</datafield>
</record></metadata></record></GetRecord></OAI-PMH>